| 000 | 00766nam a2200241Ia 4500 | ||
|---|---|---|---|
| 003 | OSt | ||
| 005 | 20251120153720.0 | ||
| 008 | 210716s1991 xx 000 0 und d | ||
| 020 | _a71008500 | ||
| 040 | _cAIMIT LIBRARY | ||
| 041 | _aeng | ||
| 082 |
_a006.3 _21 _bDYMC |
||
| 100 |
_aDym, Clive L. _9246526 |
||
| 245 |
_aKnowledge based systems in engineering / _cBy Clive L Dym and Raymond E Levitt. |
||
| 250 | _a1st ed. | ||
| 260 |
_aNew York : _bMcGraw Hill , _c1991. |
||
| 300 |
_axxiii,404p. ; _bPB _c24 cm |
||
| 650 |
_aConceptual underpinnings _9246527 |
||
| 650 |
_aKnowledge -based systems for planning _9246528 |
||
| 650 |
_aInstitutional and sociological issues _9246529 |
||
| 700 |
_aLevitt, Raymond E. _9246530 |
||
| 942 |
_2ddc _cBK _e1st _k006.3 DYMC |
||
| 999 |
_c182444 _d182444 |
||